Score 0/34 Timer 08:00
7 Plays Today
% Correct
SpongeBob SquarePants
99.6%
Rugrats
97.4%
Hey Arnold!
90.9%
CatDog
88.7%
Blue's Clues
87.7%
Doug
79.5%
The Ren & Stimpy Show
74.5%
The Wild Thornberrys
70.2%
The Amanda Show
62.8%
Kenan & Kel
60.1%
The Angry Beavers
59.4%
Franklin
59.2%
Rocko's Modern Life
57.1%
Double Dare
52.3%
Rocket Power
48.9%
Are You Afraid of the Dark?
48.7%
All That
47.8%
% Correct
Little Bear
47.3%
Little Bill
47%
Aaahh!!! Real Monsters
45%
Clarissa Explains It All
44.5%
Legends of the Hidden Temple
38.4%
The Adventures of Pete & Pete
29.6%
GUTS
25.5%
Gullah Gullah Island
23.9%
Salute Your Shorts
23.7%
The Secret World of Alex Mack
20.7%
The Wubbulous World of Dr. Seuss
20.4%
Hey Dude!
19.7%
Rupert
19%
Figure It Out
17.8%
Cousin Skeeter
15%
KaBLaM!
14.7%
Animorphs
13%
Remove Ads.
Support Sporcle.
Get the best of Sporcle when you Go Orange. This ad-free experience offers more features, more stats, and more fun while also helping to support Sporcle. Thank you for becoming a member.

You're not logged in!

Compare scores with friends on all Sporcle quizzes.
OR
Log In

Show Comments

Extras

Top Quizzes Today


Score Distribution

Your Account Isn't Verified!

In order to create a playlist on Sporcle, you need to verify the email address you used during registration. Go to your Sporcle Settings to finish the process.

Report this User

Report this user for behavior that violates our Community Guidelines.

Details: